The Hits Of Madonna - Statistics

General Stats
  • This quiz has been taken 37 times
  • The average score is 10 of 15
Answer Stats
Hint Answer % Correct
Material - Girl
100%
Rescue - Me
90%
Lucky - Star
83%
Bedtime - Story
77%
Hung - Up
77%
Take A - Bow
73%
La - Isla Bonita
73%
Ray - Of Light
73%
Open - Your Heart
73%
This Used To - Be My Playground
67%
Beautiful - Stranger
67%
Dress - You Up
53%
What It Feels Like - For A Girl
50%
Dear - Jessie
50%
Another Suitcase - In Another Hall
37%
No matching quizzes found
Score Distribution
Percent of People with Each Score
Percentile by Number Answered
Your Score History
You have not taken this quiz